Insurance

Gardado en:
Detalles Bibliográficos
Autor Principal: Sneyd, Michael R.
Formato: Libro
Idioma:Undetermined
Publicado: New York Prentice Hall 1996
Những chủ đề:
Các nhãn: Engadir etiqueta
Sen Etiquetas, Sexa o primeiro en etiquetar este rexistro!
Thư viện lưu trữ: Trung tâm Học liệu Trường Đại học Cần Thơ
LEADER 00476nam a2200193Ia 4500
001 CTU_98217
008 210402s9999 xx 000 0 und d
082 |a 368 
082 |b S671 
100 |a Sneyd, Michael R. 
245 0 |a Insurance 
245 0 |c Michael R. Sneyd 
260 |a New York 
260 |b Prentice Hall 
260 |c 1996 
650 |a Insurance,Readers 
650 |x Insurance 
904 |i Năm 
980 |a Trung tâm Học liệu Trường Đại học Cần Thơ